| 000 | 01556cam a22002294a 4500 | ||
|---|---|---|---|
| 005 | 20250605164221.0 | ||
| 008 | 250528s ||||||||||||||||||||||||d | ||
| 035 | _a20657 | ||
| 020 | _a393968480 | ||
| 040 |
_aGR-AtMCL _bgre _dGR-AtMCL _eAACR2 |
||
| 245 | 1 | _aMoney, Banking, and the Economy / Sixth Edition | |
| 250 | _a6th | ||
| 260 |
_bW.W. Norton & Company, _c1995 |
||
| 300 | _a638 | ||
| 520 | _aPreface, Finance - Institutions and Theory, Money, Stocks and Bonds and Financial Institutions, Financial Principles, Asset Markets, Interest Rates, The Depository Institutions Industry, Inside the Depository Institution, International Banking, The Failure of the Deposit-Insurance System, Financial Policy: Some Remaining Issues, Central Banking, The Supply of Money, The Measurement of Money, The Creation of Money, Bank Reserves and Related Measures, Money and National Income and the Price, The Determinants of Aggregate Expenditures, Aggregate Expenditures and the Interest Rate, Aggregate Expenditures and the Demand for Money, Aggregate Expenditures: The Complet Model, Inflation and Unemployment, The Quantity Theory and Monetarism and the Credit View, Monetary Policy, Targets and Instruments, The Impact of Monetary Policy, Alternative Monetary Standards, The International Monetary System, Future Directions for the International Monetary System, Glossary, Index. | ||
| 700 | 1 |
_aAliber Robert Z. _96619 |
|
| 700 | 1 |
_aDuesenberry James S _96620 |
|
| 700 | 1 |
_aMayer Thomas _96621 |
|
| 942 | _cBK | ||
| 999 |
_c5745 _d5745 |
||